Statistics for Country Flags with Five-Pointed Star

Click here to take the quiz!

General Stats

  • This quiz has been taken 856 times
  • The average score is 30 of 58

Answer Stats

Answer% Correct
United States
86%
Australia
84%
China
83%
New Zealand
80%
Brazil
73%
Chile
70%
Vietnam
70%
Venezuela
68%
Turkey
64%
Algeria
63%
Somalia
62%
Ghana
60%
Suriname
60%
Tuvalu
60%
Cuba
58%
Morocco
58%
Panama
58%
Samoa
57%
Micronesia
55%
Solomon Islands
55%
Tunisia
55%
Bolivia
54%
Honduras
54%
Senegal
54%
Paraguay
53%
Pakistan
52%
Cameroon
51%
Liberia
51%
Libya
51%
Singapore
50%
Syria
50%
Uzbekistan
50%
Turkmenistan
49%
Papua New Guinea
47%
Myanmar
45%
Togo
45%
Dominica
44%
Ethiopia
44%
North Korea
43%
South Sudan
42%
Tajikistan
42%
Comoros
41%
Guinea-Bissau
41%
Angola
40%
Central African Republic
40%
Mauritania
40%
Sao Tome and Principe
40%
Burkina Faso
39%
Djibouti
38%
Grenada
36%
Zimbabwe
36%
Bosnia and Herzegovina
34%
Mozambique
34%
Cape Verde
32%
Democratic Republic of the Congo
32%
East Timor
31%
St.Kitts and Nevis
26%
Philippines
25%

Score Distribution

Percentile by Number Answered

Percent of People with Each Score

Your Score History

You have not taken this quiz